|
|
|
|
| LEADER |
00000nta a2200000 i 4500 |
| 001 |
dolg34317 |
| 005 |
20220628093904.0 |
| 008 |
210917s2013 hu om 000 hun d |
| 040 |
|
|
|a BGE Dolgozattár Repozitórium
|b hun
|
| 041 |
|
|
|a hu
|
| 100 |
1 |
|
|a Gyulai Zsófia
|
| 245 |
1 |
3 |
|a Az online marketing térhódítása az irodabérleti piacon
|c Gyulai Zsófia
|h [elektronikus dokumentum]
|
| 260 |
|
|
|c 2013
|
| 695 |
|
|
|a Online marketing
|
| 695 |
|
|
|a Online értékesítés
|
| 700 |
1 |
|
|a Nincs adat Nincs adat
|e ths
|
| 856 |
4 |
0 |
|u http://dolgozattar.uni-bge.hu/34317/1/D_16361_TRVHCK%20-%20Gyulai%20Zs%C3%B3fia.pdf
|z Dokumentum-elérés
|